000 00859nam a22002537a 4500
999 _c15677
_d15677
003 AR-CdUCM
008 190429b ||||| |||| 00| 0 spa d
040 _aMUNICIPALIDAD PROVINCIAL DEL CUSCO
_cBIBLIOTECA MUNICIPAL DEL CUSCO
082 _aEP / 398 /
_bW32
110 _aUNICEF.
_99438
245 _aWatuchikunata Ñawinchasun /
260 _aLima :
_bBiblioteca Nacional del Perú,
_c2008.
300 _a28 páginas ;
_bilustraciones,
_c21 cm.
500 _aTexto en la Lengua Quechua.
650 _aAprendizaje infantil
_933271
650 _aLiteratura
_983
650 _aDesarrollo
_92021
700 _aCordova Cusihuamán, Gavina ... (revisión)
_934826
700 _aMitma Palomino, Haydeé ... (ilustración)
_934827
710 _aUNICEF.
_99438
710 _aMinisterio de Educación.
_97325
942 _2ddc
_cLIBROS
945 _aachl
_d2019-04-29